[Event "Tch-SWE 2002-3"]
[Site "Sweden SWE"]
[Date "2002.12.07"]
[Round "5"]
[White "Akesson,R"]
[Black "Ivanov,Se"]
[Result "0-1"]
[WhiteElo "2440"]
[BlackElo "2561"]

1.d4 d5 2.c4 c6 3.Nc3 Nf6 4.e3 e6 5.Nf3 Nbd7 6.Qc2 Bd6 7.g4 dxc4 8.Bxc4 b6
9.Bd2 Bb7 10.e4 c5 11.g5 cxd4 12.Nxd4 Rc8 13.gxf6 Rxc4 14.Ndb5 Nxf6 15.Qd3 Rxe4+
16.Nxe4 Nxe4 17.Nxd6+ Nxd6 18.Rg1 O-O 19.Bb4 Ne4 20.O-O-O Qxd3 21.Rxd3 Rc8+
22.Kb1 a5 23.Be7 Bd5 24.f3 Re8 25.Re1 f5 26.fxe4 fxe4 27.Rc3 Rxe7 28.Rc8+ Kf7
29.Rb8 Bc4 30.Rxb6 Bd3+ 31.Kc1 Rc7+ 32.Kd2 Rc2+ 33.Ke3 Rxh2 34.Rc1 Rh3+ 35.Kd4 Rh5
36.Rc7+ Kf6 37.Rbb7 e5+ 38.Kd5 e3 39.Rf7+ Kg5 40.Rxg7+ Kf4 41.Rbf7+ Rf5 42.Rc7 e2
43.Rc1 Ke3 44.Rxh7 Rf1  0-1

[Event "FSIMB Dec"]
[Site "Budapest HUN"]
[Date "2002.12.08"]
[Round "2"]
[White "Dub,Z"]
[Black "Harmatosi,J"]
[Result "1-0"]
[WhiteElo "2270"]
[BlackElo "2255"]

1.d4 d5 2.c4 c6 3.Nf3 Nf6 4.Nc3 e6 5.e3 Nbd7 6.Qc2 Bd6 7.Be2 O-O 8.O-O dxc4
9.Bxc4 e5 10.h3 Qe7 11.Bb3 c5 12.Re1 g6 13.Bd2 b6 14.Nd5 Nxd5 15.Bxd5 Rb8
16.Bc3 Bb7 17.Bxb7 Rxb7 18.Qe4 Rc7 19.Nxe5 Bxe5 20.dxe5 b5 21.a3 Re8 22.f4 c4
23.Qd4 Nc5 24.Bb4 Rec8 25.Rad1 Qe6 26.Bxc5 Rxc5 27.Qd7 c3 28.bxc3 Rxc3 29.Qxa7 Rc2
30.Qb7 Qa2 31.Rd2 Rxd2 32.Qxc8+ Kg7 33.Qb7 h5 34.Kh1 h4 35.Rg1 Rb2 36.Qe7 Qb3
37.Qxh4 Qxa3 38.Qf6+  1-0

[Event "Friendship B"]
[Site "Roznov CZE"]
[Date "2002.12.10"]
[Round "5"]
[White "Jurek,J"]
[Black "Volodin,V"]
[Result "1-0"]
[WhiteElo "2350"]
[BlackElo "2281"]

1.d4 d5 2.c4 e6 3.Nf3 Nf6 4.Nc3 c6 5.e3 Nbd7 6.Bd3 dxc4 7.Bxc4 b5 8.Bd3 Bb7
9.e4 b4 10.Na4 c5 11.e5 Nd5 12.O-O cxd4 13.Nxd4 Nxe5 14.Bb5+ Nd7 15.Qh5 g6
16.Qe2 a6 17.Nxe6 fxe6 18.Qxe6+ Be7 19.Nc5 axb5 20.Nxb7 Qb6 21.Qxd5 Rb8 22.Re1 Rxb7
23.Bg5 Nb8 24.Bxe7 Rxe7 25.Rxe7+ Kxe7 26.Qe5+ Kf7 27.Qxh8  1-0

[Event "10th Amitie"]
[Site "Bagneux FRA"]
[Date "2002.12.11"]
[Round "3"]
[White "Nguyen Chi Minh"]
[Black "Peyrat,O"]
[Result "1-0"]
[WhiteElo "2358"]
[BlackElo "2300"]

1.d4 d5 2.c4 c6 3.Nc3 Nf6 4.Nf3 e6 5.e3 Nbd7 6.Qc2 Bd6 7.b3 Qe7 8.Bb2 b6
9.Bd3 Bb7 10.O-O O-O 11.cxd5 cxd5 12.Nb5 Rfc8 13.Qe2 Ne4 14.Nxd6 Qxd6 15.Rfc1 f6
16.Ba6 Rxc1+ 17.Rxc1 Bc6 18.Qc2 Nb8 19.Bd3 a5 20.Ne1 h6 21.f3 Ng5 22.a4 Ra7
23.Qd2 Rc7 24.Nc2 Bb7 25.Rb1 Ba6 26.Na3 Bxd3 27.Qxd3 Rc6 28.Nb5 Qd7 29.Ba3 Nf7
30.e4 Rc8 31.Re1 Nc6 32.Qe3 Ncd8 33.exd5 Qxd5 34.Be7 Qd7 35.Bxd8 Nxd8 36.Qe4 Kf7
37.Rd1 f5 38.Qe5 Nc6 39.Qf4 Rd8 40.g4 g5 41.Qe3 Qd5 42.gxf5 exf5 43.h4 Rg8
44.hxg5 hxg5 45.Kf2 Kf6 46.Rh1 Rg6 47.Qe8 g4 48.Qh8+ Rg7 49.Rh6+ Kg5 50.Qxg7+ Kf4
51.Qc7+ Kg5 52.Qxc6  1-0

[Event "FSGM Dec"]
[Site "Budapest HUN"]
[Date "2002.12.11"]
[Round "5"]
[White "Szeberenyi,A"]
[Black "Lukacs,P"]
[Result "1/2-1/2"]
[WhiteElo "2367"]
[BlackElo "2420"]

1.d4 Nf6 2.c4 e6 3.Nf3 d5 4.Nc3 c6 5.e3 Nbd7 6.Qc2 Bd6 7.Bd3 O-O 8.O-O dxc4
9.Bxc4 a6 10.a4 c5 11.Rd1 Qc7 12.Ne4 Nxe4 13.Qxe4 Be7 14.Bd3  1/2-1/2

[Event "FSIMB Dec"]
[Site "Budapest HUN"]
[Date "2002.12.12"]
[Round "6"]
[White "Popovics,A"]
[Black "Berczes,D"]
[Result "1/2-1/2"]
[WhiteElo "2320"]
[BlackElo "2232"]

1.d4 d5 2.c4 c6 3.Nc3 Nf6 4.e3 e6 5.Nf3 Nbd7 6.Qc2 Bd6 7.g4 dxc4 8.Bxc4 e5
9.g5 Nd5 10.Ne4 Bb4+ 11.Bd2 Qe7 12.O-O-O O-O 13.dxe5 Nxe5 14.Nxe5 Qxe5 15.Bxd5 Bxd2+
16.Qxd2 cxd5 17.Qxd5 Qxd5 18.Rxd5 Be6 19.Rb5 Rac8+ 20.Nc3 Bxa2 21.Rd1 Rc7
22.Ra5 Bb3 23.Rd6 a6 24.Kd2 Rfc8 25.f4 Rc6 26.Rd4 b5 27.Ra3 Bc4 28.b4 Be6
29.e4 g6 30.e5 Rc4 31.Rxc4 Rxc4 32.Ke3 Rxb4 33.Rxa6 Rb3 34.Kd4 Rb4+ 35.Ke3 Rb3  1/2-1/2

[Event "XII It"]
[Site "Elgoibar ESP"]
[Date "2002.12.12"]
[Round "1"]
[White "Herraiz Hidalgo,H"]
[Black "Argandona Rivero,I"]
[Result "1-0"]
[WhiteElo "2458"]
[BlackElo "2284"]

1.d4 d5 2.c4 e6 3.Nc3 c6 4.e3 Nf6 5.Nf3 Nbd7 6.Qc2 Bd6 7.Bd3 O-O 8.O-O e5
9.cxd5 Nxd5 10.e4 exd4 11.Nxd5 cxd5 12.exd5 h6 13.Nxd4 Qh4 14.f4 Bc5 15.Be3 Re8
16.Bf2 Qxf4 17.Nb5 Bxf2+ 18.Rxf2 Qe3 19.Nc7 Ne5 20.Bh7+ Kh8 21.Qc3 Qxc3 22.bxc3 Bd7
23.Bf5 Rad8 24.Nxe8 Bxe8 25.Rd1 Rd6 26.Rd4 Bb5 27.Rb2 Ba6 28.Bc8 Nc4 29.Re2 Rb6
30.Re8+ Kh7 31.Bf5+ g6 32.Bd3 Nd6 33.Re1 Bxd3 34.Rxd3 Rb2 35.Rf3 Kg7 36.Re7 Rxa2
37.Rd7 Ra6 38.c4 Ra1+ 39.Kf2 Ne4+ 40.Ke3 Nf6 41.Rxb7 a5 42.Kd4 a4 43.Ra7  1-0

[Event "XII It"]
[Site "Elgoibar ESP"]
[Date "2002.12.12"]
[Round "1"]
[White "Mirzoev,A"]
[Black "Korneev,O"]
[Result "0-1"]
[WhiteElo "2522"]
[BlackElo "2551"]

1.d4 d5 2.Nf3 Nf6 3.c4 e6 4.Nc3 c6 5.e3 Nbd7 6.Qc2 Bd6 7.Bd3 O-O 8.O-O dxc4
9.Bxc4 b5 10.Be2 Bb7 11.b3 a6 12.Bb2 c5 13.Rac1 cxd4 14.Nxd4 Ne5 15.h3 Qe7
16.Qb1 Rad8 17.Qa1 Bb8 18.Rfd1 Nfd7 19.Bf1 Qh4 20.Nce2 Ng4 21.g3 Bxg3 22.fxg3 Qh6
23.Nc2 e5 24.Bg2 Nxe3 25.Bxb7 Nxd1 26.Bxe5 Nxe5 27.Qxe5 Rfe8 28.Qc7 Qd2 29.Bf3 Rc8  0-1

[Event "1st Ilijas Subasic Mem"]
[Site "Zenica BIH"]
[Date "2002.12.12"]
[Round "6"]
[White "Pataki,G"]
[Black "Muratovic,En"]
[Result "1/2-1/2"]
[WhiteElo "2348"]
[BlackElo "2314"]

1.d4 d5 2.c4 c6 3.Nc3 Nf6 4.Nf3 e6 5.e3 Nbd7 6.Qc2 Bd6 7.Bd3 O-O 8.O-O dxc4
9.Bxc4 e5 10.Bb3 Qe7 11.Bd2 Nb6 12.h3 e4 13.Ng5 Nbd5 14.Ngxe4 Nxe4 15.Nxe4 Bf5
16.f3 Rae8 17.Rac1 Qh4 18.Qc4 Bxe4 19.fxe4 Rxe4 20.Rf3 Re7 21.Rcf1 g6 22.Bc2 f5
23.e4 Rxe4 24.Bxe4 Qxe4 25.Qd3 Qxd3 26.Rxd3 Re8 27.Re1 Kf7 28.Rxe8 Kxe8 29.Kf1 Kd7
30.h4 f4 31.Ke2 Ke6 32.Kf3 Kf5 33.Be1 h6 34.g4+ fxg3 35.Bxg3 Be7 36.Rb3 b6
37.Rd3 g5 38.hxg5 hxg5 39.Rd1 g4+ 40.Ke2 Ke4 41.Rc1 c5 42.dxc5 Bxc5 43.Rc4+ Kf5
44.a3 Be3 45.Rc8 Bd4 46.b3 a5 47.Kd3 Bc5 48.Rd8 Nf4+ 49.Bxf4 Kxf4 50.b4 axb4
51.axb4 Bxb4 52.Rd4+ Kf3 53.Rxb4 g3 54.Rxb6 g2 55.Rf6+ Kg3 56.Ke2 g1=Q 57.Rg6+ Kh2
58.Rxg1 Kxg1  1/2-1/2

[Event "Bundesliga 2002-3"]
[Site "Koenig Plauen GER"]
[Date "2002.12.13"]
[Round "7"]
[White "Bischoff,K"]
[Black "Haba,P"]
[Result "1/2-1/2"]
[WhiteElo "2554"]
[BlackElo "2534"]

1.d4 d5 2.c4 c6 3.e3 Nf6 4.Nc3 e6 5.Nf3 Nbd7 6.Qc2 Bd6 7.b3 O-O 8.Be2 dxc4
9.bxc4 e5 10.O-O Re8 11.Rd1 exd4 12.exd4 Nf8 13.h3 Bd7 14.Bf1 Qc8 15.a4 h6
16.Ba3 Bxa3 17.Rxa3 Bf5 18.Qb2 Ne4 19.d5 Nxc3 20.Rxc3 Nd7 21.Nd4 Nc5 22.Rg3 Bg6
23.a5 Ne4 24.Re3 Qc7 25.a6 Rab8 26.axb7 cxd5 27.cxd5 Rxb7 28.Qe2 Kh7 29.Qe1 Rb2
30.f3 Nf2 31.Rxe8 Nxh3+ 32.Kh1 Nf2+ 33.Kg1 Nh3+ 34.Kh1 Nf2+ 35.Kg1  1/2-1/2

[Event "Bundesliga 2002-3"]
[Site "Koenig Plauen GER"]
[Date "2002.12.14"]
[Round "5"]
[White "Votava,J"]
[Black "Sprenger,J"]
[Result "1-0"]
[WhiteElo "2518"]
[BlackElo "2430"]

1.c4 e6 2.d4 d5 3.Nc3 c6 4.e3 Nf6 5.Nf3 Nbd7 6.b3 Bb4 7.Bd2 Qe7 8.Be2 dxc4
9.bxc4 e5 10.O-O O-O 11.Qc2 Re8 12.Ne4 Bxd2 13.Nexd2 e4 14.Ne1 c5 15.Qc3 b6
16.a4 Bb7 17.Nc2 cxd4 18.exd4 Rac8 19.Qg3 Nb8 20.a5 Nc6 21.axb6 axb6 22.Rfb1 Qd8
23.d5 Ne5 24.Ne3 Ra8 25.Rxa8 Bxa8 26.Bd1 Ned7 27.Ba4 g6 28.h3 Re5 29.Bxd7 Nxd7
30.Ng4 Re8 31.Qc3 f6 32.Nb3 h5 33.Ne3 Kf7 34.Nd4 Qc7 35.Ra1 Nc5 36.Nb5 Qb8
37.d6 Bc6 38.Ra7+ Nd7 39.Nd5 Re5 40.Rc7 Rxd5 41.cxd5 Bxb5 42.Qb4 Qa8 43.Qxb5  1-0

[Event "XII It"]
[Site "Elgoibar ESP"]
[Date "2002.12.15"]
[Round "4"]
[White "Herraiz Hidalgo,H"]
[Black "Gonzalez de la Torre,S"]
[Result "1/2-1/2"]
[WhiteElo "2458"]
[BlackElo "2399"]

1.Nf3 d5 2.d4 Nf6 3.c4 c6 4.Nc3 e6 5.e3 Nbd7 6.Qc2 Bd6 7.Bd2 O-O 8.O-O-O a6
9.e4 e5 10.exd5 cxd5 11.Bg5 exd4 12.Nxd4 h6 13.Bh4 Nb6 14.Nf5 Bf4+ 15.Kb1 Qd7
16.Ne3 Bxe3 17.fxe3 Ng4 18.Qc1 Qf5+ 19.Ka1 dxc4 20.h3  1/2-1/2

[Event "ch-Balkan"]
[Site "Istanbul TUR"]
[Date "2002.12.15"]
[Round "7"]
[White "Demirel,T"]
[Black "Erdogdu,M"]
[Result "1/2-1/2"]
[WhiteElo "2202"]
[BlackElo "2318"]

1.d4 d5 2.c4 c6 3.Nc3 Nf6 4.e3 e6 5.Nf3 Nbd7 6.Bd3 dxc4 7.Bxc4 b5 8.Bd3 a6
9.e4 c5 10.e5 cxd4 11.Nxb5 axb5 12.exf6 gxf6 13.O-O Qb6 14.Qe2 Ba6 15.Rd1 Nc5
16.Nxd4 Nxd3 17.Qxd3 Rd8 18.Be3 Qb7  1/2-1/2

[Event "Friendship A"]
[Site "Roznov CZE"]
[Date "2002.12.15"]
[Round "11"]
[White "Kantorik,M"]
[Black "Belunek,V"]
[Result "1/2-1/2"]
[WhiteElo "2364"]
[BlackElo "2416"]

1.d4 d5 2.c4 c6 3.Nf3 Nf6 4.Nc3 e6 5.e3 Nbd7 6.Qc2 Bd6 7.Bd3 O-O 8.O-O dxc4
9.Bxc4 e5 10.Rd1 Qe7  1/2-1/2

[Event "XV Carlos Torre"]
[Site "Merida MEX"]
[Date "2002.12.16"]
[Round "4"]
[White "Milov,V"]
[Black "Filippov,Va"]
[Result "0-1"]
[WhiteElo "2620"]
[BlackElo "2615"]

1.d4 d5 2.c4 e6 3.Nc3 c6 4.e3 Nf6 5.Nf3 Nbd7 6.Bd3 dxc4 7.Bxc4 b5 8.Bd3 a6
9.e4 c5 10.e5 cxd4 11.Nxb5 axb5 12.exf6 gxf6 13.O-O Qb6 14.Qe2 b4 15.Bf4 Bc5
16.Rfd1 h5 17.Rac1 Rg8 18.Bg3 Rxa2 19.Bb5 Ke7 20.Nxd4 Bxd4 21.Qc4 Rxg3 22.hxg3 Bxf2+
23.Kh1 Rxb2 24.Qxc8 Qxb5 25.Qc7 f5 26.Qd6+ Kf6 27.Rc7 Bc5 28.Qf4 Ne5 29.Re1 Ng6
30.Qf3 Rf2 31.Qd1 Bb6 32.Rc8 b3  0-1

[Event "Cerrado CEMAR B"]
[Site "Mondariz ESP"]
[Date "2002.12.20"]
[Round "6"]
[White "Valles Moreno,I"]
[Black "Moreno Tejera,E"]
[Result "1-0"]
[WhiteElo "2294"]
[BlackElo "2358"]

1.d4 d5 2.c4 e6 3.Nf3 c6 4.e3 Nf6 5.Nc3 Nbd7 6.Bd3 Bd6 7.O-O O-O 8.e4 dxe4
9.Nxe4 Nxe4 10.Bxe4 f5 11.Bc2 e5 12.c5 Be7 13.dxe5 Nxc5 14.Nd4 Kh8 15.Be3 Qc7
16.f4 g6 17.Qe2 Bd7 18.Rac1 Qc8 19.Rfd1 Ne6 20.Nf3 Be8 21.Bb3 Bf7 22.Rd6 Ng7
23.Bxf7 Rxf7 24.Rcd1 Qe8 25.Rd7 Bc5 26.Rxf7 Bxe3+ 27.Qxe3 Qxf7 28.Ng5 Qxa2
29.Qh3 h5 30.Qc3 Qa4 31.Rd7 Rg8 32.e6 c5 33.g3 Qa1+ 34.Kg2 Qa6 35.Qe5 Qb5
36.Rf7 Qe8 37.Kh3 Qb5 38.e7 Qe8 39.Qf6 Qc6 40.e8=Q  1-0

[Event "Cerrado CEMAR B"]
[Site "Mondariz ESP"]
[Date "2002.12.22"]
[Round "8"]
[White "Ivanov,J"]
[Black "Borges Mateos,J"]
[Result "1/2-1/2"]
[WhiteElo "2429"]
[BlackElo "2460"]

1.Nf3 d5 2.c4 c6 3.e3 Nf6 4.Nc3 e6 5.d4 Nbd7 6.Qc2 Bd6 7.Bd3 a6 8.O-O dxc4
9.Bxc4 b5 10.Be2 c5 11.b3  1/2-1/2

[Event "AIG Life rapid pl 13-16"]
[Site "Warsaw POL"]
[Date "2002.12.22"]
[Round "1"]
[White "Krasenkow,M"]
[Black "Grabarczyk,M"]
[Result "0-1"]
[WhiteElo "2651"]
[BlackElo "2506"]

1.d4 d5 2.c4 c6 3.Nc3 Nf6 4.e3 e6 5.Nf3 Nbd7 6.Bd3 dxc4 7.Bxc4 b5 8.Bd3 Bb7
9.O-O Be7 10.e4 b4 11.Na4 O-O 12.e5 Nd5 13.Qe2 Rc8 14.Qe4 g6 15.Bh6 Re8 16.h4 Qa5
17.b3 c5 18.h5 Ba6 19.Bxa6 Qxa6 20.hxg6 hxg6 21.Bg5 cxd4 22.Qxd4 Kg7 23.Bxe7 Rxe7
24.g3 Ree8 25.Kg2 Rh8 26.Rh1 Qe2 27.Rae1 Qxa2 28.Qxa7 Rc7 29.Qd4 Rcc8 30.Nd2 Rxh1
31.Rxh1 Rh8 32.Rxh8 Kxh8 33.Nf3 Kg7 34.Qh4 Ne3+ 35.Kg1 Qe2 36.fxe3 Qxe3+
37.Kg2 Qe2+ 38.Kh3 Qxf3 39.Qd4 Qh1+ 40.Kg4 Qh5+ 41.Kf4 Qf5+ 42.Ke3  0-1

[Event "TCh-BEL 2002-3"]
[Site "Belgium BEL"]
[Date "2002.12.23"]
[Round "5"]
[White "Vaganian,R"]
[Black "Bergez,L"]
[Result "1-0"]
[WhiteElo "2667"]
[BlackElo "2361"]

1.Nf3 d5 2.d4 Nf6 3.c4 e6 4.Nc3 c6 5.e3 Nbd7 6.Bd3 dxc4 7.Bxc4 b5 8.Bd3 Bb7
9.e4 b4 10.Na4 c5 11.e5 Nd5 12.Nxc5 Nxc5 13.dxc5 Bxc5 14.O-O h6 15.Nd2 Nc3
16.Qc2 Qd5 17.Nf3 Rd8 18.Ne1 Bd4 19.Bd2 Ne4 20.Bxb4 Bxe5 21.Rd1 Ng5 22.a4 Nh3+
23.Kh1 a6 24.Bxa6 Qxd1 25.Bb5+ Qd7 26.Qc5 Bf6 27.Nd3 Ba6 28.Bxd7+ Rxd7 29.gxh3 Bxd3
30.Re1 Bxb2 31.Qc8+  1-0

[Event "TSGM Dec"]
[Site "Belgrade YUG"]
[Date "2002.12.23"]
[Round "3"]
[White "Stojanovic,Mih"]
[Black "Popchev,M"]
[Result "1/2-1/2"]
[WhiteElo "2472"]
[BlackElo "2436"]

1.Nf3 Nf6 2.c4 e6 3.Nc3 d5 4.d4 c6 5.e3 a6 6.Qc2 b5 7.b3 Nbd7 8.Bd3 Bb7 9.O-O Be7
10.Bb2 O-O 11.Ne5 bxc4 12.bxc4 c5 13.cxd5 cxd4 14.exd4 exd5 15.Rab1 Bd6 16.Ba3 Bxa3
17.Rxb7 Nb8 18.Na4 Bd6 19.Rfb1 Nbd7 20.Bxh7+ Kh8 21.Nxd7 Nxd7 22.Bd3 Nf6
23.Nb6 Rb8 24.Rxb8 Bxb8 25.Bxa6 Ba7 26.Na4 Qa5 27.Nc5 Kg8 28.Bf1 Rc8 29.Nb7 Rxc2
30.Nxa5 g6 31.Bd3 Rc3 32.Rd1 Bxd4 33.Nb3 Ba7 34.h3 Nh5 35.Kf1 Rc6 36.Rc1 Rf6
37.Rc2 Ng3+ 38.Ke1 Re6+ 39.Kd1 Nh1 40.Rc8+ Kg7 41.f3 Nf2+ 42.Kd2 Nxd3 43.Kxd3 Ra6
44.Rc2 Kf6 45.Re2 Ra4 46.Kc3 g5 47.Nc1 Rc4+ 48.Kb2 Bd4+ 49.Kb1 Rb4+ 50.Kc2 Rc4+
51.Kb1 Rb4+ 52.Nb3 Bc3 53.Re3 Be5 54.a3 Rc4 55.Rd3 Ke6 56.a4 Kd6 57.a5 Ra4
58.g4 f6 59.Rd2 Ra3 60.Rd3 Ra4 61.Rd2  1/2-1/2

[Event "TSGM Dec"]
[Site "Belgrade YUG"]
[Date "2002.12.26"]
[Round "6"]
[White "Stojanovic,Mih"]
[Black "Lundin,J"]
[Result "1-0"]
[WhiteElo "2472"]
[BlackElo "2212"]

1.Nf3 Nf6 2.c4 e6 3.Nc3 d5 4.d4 c6 5.e3 Nbd7 6.Qc2 Bd6 7.Bd2 O-O 8.O-O-O e5
9.cxd5 cxd5 10.Nb5 Bb8 11.dxe5 Nxe5 12.Bc3 Qe7 13.Bd4 Rd8 14.Kb1 Ne4 15.Nxe5 Bxe5
16.f3 Nd6 17.Nc7 Bf5 18.Bd3 Bxd3 19.Rxd3 Rac8 20.Nxd5 Qe6 21.Qb3 Bxd4 22.Rxd4 Qg6+
23.Qd3 Nf5 24.g4 Rxd5 25.Rxd5 Nxe3 26.Qxg6 fxg6 27.Rd7 Rf8 28.Re1 Rxf3 29.Rd8+ Kf7
30.Rd3  1-0

[Event "Open A"]
[Site "Bethune FRA"]
[Date "2002.12.26"]
[Round "1"]
[White "Uhoda,P"]
[Black "Marchal,N"]
[Result "1-0"]
[WhiteElo "2203"]
[BlackElo "2034"]

1.d4 Nf6 2.c4 e6 3.Nc3 d5 4.Nf3 c6 5.e3 Nbd7 6.Bd3 Qc7 7.O-O Be7 8.b3 a5
9.Bb2 O-O 10.Rc1 Re8 11.Qe2 Nb6 12.Ne5 Bd7 13.c5 Nc8 14.g4 g6 15.f4 Bf8 16.Rf3 Ne7
17.Rh3 Kg7 18.Qf2 Qd8 19.Rf1 Neg8 20.g5 Nh5 21.Rxh5 gxh5 22.Qh4 f5 23.gxf6+ Nxf6
24.Qg5+  1-0

[Event "26th Christmas Open Masters"]
[Site "Zurich SUI"]
[Date "2002.12.26"]
[Round "1"]
[White "Nemet,I"]
[Black "Benz,R"]
[Result "1-0"]
[WhiteElo "2429"]
[BlackElo "2146"]

1.d4 d5 2.Nf3 Nf6 3.c4 c6 4.e3 e6 5.Nc3 Nbd7 6.Qc2 Bd6 7.Bd3 O-O 8.O-O e5
9.cxd5 cxd5 10.e4 dxe4 11.Nxe4 Nxe4 12.Bxe4 h6 13.Rd1 Qc7 14.Be3 exd4 15.Bxd4 Qxc2
16.Bxc2 Bc5 17.Bxc5 Nxc5 18.b4 Ne6 19.Ne5 a5 20.b5 Nc5 21.Rd5 b6 22.Rd6 Rb8
23.f4 Re8 24.Rad1 Be6 25.a4 g6 26.g4 Rb7 27.Kf2 Kg7 28.Kf3 Ree7 29.Nc6 Red7
30.Ne5 Re7 31.h4 Bb3 32.Bxb3 Nxb3 33.Nc6 Re8 34.f5 gxf5 35.gxf5 Nc5 36.R1d4 Re1
37.f6+ Kh7 38.Rg4 Ne6 39.Kf2 Rc1 40.Nd8 Rc2+ 41.Ke3 h5 42.Rg1 Rbc7 43.Nxe6 R7c3+
44.Rd3 fxe6 45.Rxc3 Rxc3+ 46.Kf4 Rc4+ 47.Ke5 Rxa4 48.f7  1-0

[Event "Open"]
[Site "Pamplona ESP"]
[Date "2002.12.27"]
[Round "8"]
[White "Mellado Trivino,J"]
[Black "Korneev,O"]
[Result "1/2-1/2"]
[WhiteElo "2459"]
[BlackElo "2551"]

1.d4 d5 2.c4 e6 3.Nc3 c6 4.Nf3 Nf6 5.e3 Nbd7 6.Qc2 Bd6 7.Bd3 O-O 8.O-O dxc4
9.Bxc4 b5 10.Be2 Bb7 11.Rd1 Qb8 12.e4 b4 13.Na4 e5 14.Nc5 exd4 15.Nxb7 Qxb7
16.Nxd4 Bc5 17.Be3  1/2-1/2

[Event "26th Christmas Open Masters"]
[Site "Zurich SUI"]
[Date "2002.12.27"]
[Round "3"]
[White "Siegel,G"]
[Black "Fridman,D"]
[Result "0-1"]
[WhiteElo "2443"]
[BlackElo "2572"]

1.Nf3 d5 2.d4 Nf6 3.c4 c6 4.Nc3 e6 5.e3 Nbd7 6.Qc2 Bd6 7.Bd3 O-O 8.O-O dxc4
9.Bxc4 b5 10.Be2 Bb7 11.a3 a6 12.b4 a5 13.Rb1 axb4 14.axb4 Qe7 15.Qb3 e5
16.dxe5 Nxe5 17.Nxe5 Bxe5 18.Rd1 Bc8 19.Bd2 Bf5 20.Rbc1 Be6 21.Qb1 Ra3 22.Bf3 Rb3
23.Qc2 Rxb4 24.Bxc6 Bb3 25.Qd3 Bxd1 26.Nxd1 Rc4  0-1

[Event "35th Open"]
[Site "Trinec CZE"]
[Date "2002.12.28"]
[Round "1"]
[White "Pazdziora,M"]
[Black "Splosnov,S"]
[Result "1/2-1/2"]
[WhiteElo "2093"]
[BlackElo "2384"]

1.d4 d5 2.c4 e6 3.Nc3 c6 4.e3 Nf6 5.Nf3 Nbd7 6.Qc2 Bd6 7.b3 O-O 8.Be2 Re8
9.Bb2 Qe7 10.O-O b6 11.Rfd1 Bb7 12.Rac1 Rad8 13.Qb1 dxc4 14.bxc4 e5 15.d5 Ba3
16.e4 Bxb2 17.Qxb2 Nc5 18.Nd2 Ba6 19.f3 cxd5 20.exd5 e4 21.fxe4 Ncxe4 22.Ndxe4 Nxe4
23.Nxe4 Qxe4 24.Bf3 Qe3+ 25.Qf2 Qa3 26.Re1 Qd6 27.Rxe8+ Rxe8 28.c5 bxc5 29.Rxc5 Re1+
30.Qxe1 Qxc5+ 31.Kh1 Kf8 32.h3 h6 33.Qe5 g5 34.Qh8+ Ke7 35.Qxh6 Qc1+ 36.Kh2 Qf4+
37.Kg1 Qe3+ 38.Kh2 Qf4+ 39.Kg1 Qe3+ 40.Kh2 Qf4+ 41.Kg1 Qe3+  1/2-1/2

[Event "Harmonie"]
[Site "Groningen NED"]
[Date "2002.12.29"]
[Round "8"]
[White "Li Wenliang"]
[Black "Stellwagen,D"]
[Result "0-1"]
[WhiteElo "2497"]
[BlackElo "2426"]

1.d4 d5 2.c4 c6 3.Nc3 Nf6 4.e3 e6 5.Nf3 Nbd7 6.Qc2 Bd6 7.b3 O-O 8.Be2 b6
9.O-O Bb7 10.Bb2 c5 11.cxd5 exd5 12.Rad1 Rc8 13.dxc5 bxc5 14.Qf5 Bb8 15.Bd3 d4
16.exd4 cxd4 17.Na4 Qc7 18.Qh3 Bxf3 19.gxf3 Ne5 20.f4 Nxd3 21.Qxd3 Qxf4 22.Qg3 Qh6
23.f4 Rc2 24.Rxd4 Nh5 25.Qh3 Re8 26.Bc3 Rxa2 27.Rc4 Qg6+ 28.Kh1 Nxf4 29.Qf3 Ne6
30.Nb2 Rf8 31.Rg4 Qh6 32.Qg2 Ra6 33.Re1 g6 34.Rge4 Rc6 35.Nc4 Rc5 36.Bd2 Qg7
37.Be3 Rh5 38.Bg1 Qh6 39.Ne3 Nf4 40.Qb2 Ne6 41.Ng4 Qg7 42.Qc2 Rf5 43.Be3 Bf4
44.Bxa7 Rg5 45.Ne3 Qh6 46.Nf1 Qh3 47.Qf2 Qxb3 48.Be3 Bxe3 49.R4xe3 Qd5+ 50.Qf3 Qxf3+
51.Rxf3 Rc8 52.Ng3 Rgc5 53.Rff1 Rc2 54.Ne4 Ra8 55.Nd6 Raa2 56.Rxf7 Rxh2+
57.Kg1 Rag2+ 58.Kf1 Rd2 59.Kg1 Rxd6 60.Re7 Ra2 61.R7xe6 Rxe6 62.Rxe6 Kf7
63.Rb6 h5  0-1

[Event "Harmonie"]
[Site "Groningen NED"]
[Date "2002.12.29"]
[Round "8"]
[White "Li Wenliang"]
[Black "Stellwagen,D"]
[Result "0-1"]
[WhiteElo "2497"]
[BlackElo "2426"]

1.d4 d5 2.c4 c6 3.Nc3 Nf6 4.e3 e6 5.Nf3 Nbd7 6.Qc2 Bd6 7.b3 O-O 8.Be2 b6
9.O-O Bb7 10.Bb2 c5 11.cxd5 exd5 12.Rad1 Rc8 13.dxc5 bxc5 14.Qf5 Bb8 15.Bd3 d4
16.exd4 cxd4 17.Na4 Qc7 18.Qh3 Bxf3 19.gxf3 Ne5 20.f4 Nxd3 21.Qxd3 Qxf4 22.Qg3 Qh6
23.f4 Rc2 24.Rxd4 Nh5 25.Qh3 Re8 26.Bc3 Rxa2 27.Rc4 Qg6+ 28.Kh1 Nxf4 29.Qf3 Ne6
30.Nb2 Rf8 31.Rg4 Qh6 32.Qg2 Ra6 33.Re1 g6 34.Rge4 Rc6 35.Nc4 Rc5 36.Bd2 Qg7
37.Be3 Rh5 38.Bg1 Qh6 39.Ne3 Nf4 40.Qb2 Ne6 41.Ng4 Qg7 42.Qc2 Rf5 43.Be3 Bf4
44.Bxa7 Rg5 45.Ne3 Qh6 46.Nf1 Qh3 47.Qf2 Qxb3 48.Be3 Bxe3 49.R4xe3 Qd5+ 50.Qf3 Qxf3+
51.Rxf3 Rc8 52.Ng3 Rgc5 53.Rff1 Rc2 54.Ne4 Ra8 55.Nd6 Raa2 56.Rxf7 Rxh2+
57.Kg1 Rag2+ 58.Kf1 Rd2 59.Kg1 Rxd6 60.Re7 Ra2 61.R7xe6 Rxe6 62.Rxe6 Kf7
63.Rb6 h5 64.Rc6 Kg7 65.Kh1 Kh6 66.Rc5 h4 67.Rb5 g5 68.Rc5 Kh5 69.Rc4 h3
70.Rb4 g4 71.Rc4 Kh4 72.Rb4 Ra3 73.Kh2 Ra2+ 74.Kh1 Re2 75.Kg1 Kg3 76.Rb3+ Kf4
77.Rb4+ Kf3 78.Rb3+ Re3 79.Rb1 g3 80.Rf1+ Kg4 81.Rb1 h2+ 82.Kg2 Re2+ 83.Kh1 Kh3
84.Rg1 hxg1=Q+ 85.Kxg1 Re1+  0-1

[Event "35th Open"]
[Site "Trinec CZE"]
[Date "2002.12.29"]
[Round "2"]
[White "Belunek,V"]
[Black "Seifert,H"]
[Result "1/2-1/2"]
[WhiteElo "2416"]
[BlackElo "2275"]

1.d4 d5 2.c4 c6 3.Nf3 e6 4.e3 Nf6 5.Nc3 Nbd7 6.Qc2 Be7 7.Bd3 dxc4 8.Bxc4 b5
9.Bd3 Bb7 10.e4 b4 11.Na4 Qa5 12.O-O c5 13.dxc5 Nxc5 14.Nxc5 Qxc5 15.Qe2 O-O
16.Bf4 Qh5 17.h3 Rfd8 18.Rac1 Rxd3 19.Qxd3 Bxe4 20.Qe3 Bxf3 21.Qxf3 Qxf3
22.gxf3 Nd5 23.Be3 Bf6 24.Rc2 Kf8 25.Rd1 a5 26.Bc5+ Ke8 27.Bd4 Ke7 28.Bxf6+ Kxf6
29.Kh2 h5 30.Rc5 h4 31.Rd2 g5 32.Rb5 Ra7 33.Rc2 a4 34.a3 b3 35.Rc4 Ke5 36.Rb8 Ra6
37.Rb7 f6 38.Rd7 Kf5 39.Rb7 Ke5 40.Rb5 Kd6 41.Rbc5 Nf4 42.Rc8 Nd5 43.Re4 e5
44.Rec4 Ne7  1/2-1/2

[Event "35th Open"]
[Site "Trinec CZE"]
[Date "2002.12.29"]
[Round "3"]
[White "Seifert,H"]
[Black "Splosnov,S"]
[Result "1/2-1/2"]
[WhiteElo "2275"]
[BlackElo "2384"]

1.d4 d5 2.c4 e6 3.Nc3 c6 4.e3 Nf6 5.Nf3 Nbd7 6.Qc2 Bd6 7.b3 O-O 8.Be2 e5
9.cxd5 Nxd5 10.Nxd5 cxd5 11.dxe5 Nxe5 12.O-O Nxf3+ 13.Bxf3  1/2-1/2

[Event "TSGM Dec"]
[Site "Belgrade YUG"]
[Date "2002.12.30"]
[Round "10"]
[White "Stojanovic,Mih"]
[Black "Tadic,B"]
[Result "1/2-1/2"]
[WhiteElo "2472"]
[BlackElo "2480"]

1.Nf3 Nf6 2.c4 c6 3.d4 d5 4.e3 e6 5.Nc3 Nbd7 6.Bd3 dxc4 7.Bxc4 b5 8.Bd3 Bd6
9.a4 b4 10.Ne4 Nxe4 11.Bxe4 Bb7 12.a5 Rc8 13.Nd2 O-O 14.Nc4 Be7 15.a6 Ba8
16.b3 Qc7 17.Bb2 Rfd8 18.Qc2 h6 19.O-O c5 20.Bxa8 Rxa8 21.Rfc1 cxd4 22.Bxd4 Bf6
23.Bxf6 Nxf6 24.Na5 Qb6 25.Qc6 Qb8 26.Qb7 Rd7 27.Qxb8+ Rxb8 28.Nc6 Rb6 29.Ne5 Rd8
30.Rc6 Rb5 31.f4 Ne4 32.Rc7 Ra5 33.Rcc1 Rxa1 34.Rxa1 Rd6 35.h4 f6 36.Nc4 Rd3
37.Na5 Nc5 38.Nc6 Rxe3 39.Ra5 Rc3 40.Nxb4 Nd3  1/2-1/2

[Event "TCh-ESP"]
[Site "Mondariz ESP"]
[Date "2002.12.30"]
[Round "1"]
[White "Cifuentes Parada,R"]
[Black "Gurevich,M"]
[Result "1/2-1/2"]
[WhiteElo "2507"]
[BlackElo "2634"]

1.d4 d5 2.c4 c6 3.Nc3 Nf6 4.e3 e6 5.Nf3 a6 6.Qc2 c5 7.dxc5 Bxc5 8.a3 O-O
9.b4 Be7 10.Bb2 dxc4 11.Bxc4 Nbd7 12.O-O b5 13.Ba2 Bb7 14.Rfd1 Bxf3 15.gxf3 Rc8
16.Qe2 Qc7 17.Rac1 Qb8 18.f4 Nb6 19.Nb1 Nfd7 20.Nd2 Na4 21.Nb3 Rxc1 22.Rxc1 Rc8
23.Bd4 Rxc1+ 24.Nxc1 Qc8 25.Nd3 Bf6 26.Bxf6 Nxf6 27.Bb3 Nb6 28.Nc5 Nbd7 29.Nxd7 Qxd7
30.Qd1 Qe7 31.Qf3 g6 32.Qc6 Kg7 33.Kg2 Qd8 34.Qc3 Kg8 35.f3 Ne8 36.Bc2 Nf6
37.Bb3 Nd7 38.a4 bxa4 39.Bxa4 Nf6 40.Bc6 Nh5 41.Bb7 Qb6 42.Qc8+ Kg7 43.Qc3+  1/2-1/2

[Event "35th Open"]
[Site "Trinec CZE"]
[Date "2002.12.31"]
[Round "5"]
[White "Neumann,P CZE"]
[Black "Blaszczok,G"]
[Result "1-0"]
[WhiteElo "2437"]
[BlackElo "2156"]

1.d4 d5 2.c4 c6 3.e3 Nf6 4.Nc3 e6 5.Nf3 Nbd7 6.Bd3 dxc4 7.Bxc4 b5 8.Bd3 a6
9.e4 c5 10.d5 c4 11.dxe6 fxe6 12.Bc2 Qc7 13.O-O Bb7 14.Nd4 Nc5 15.Be3 O-O-O
16.Qe2 e5 17.Ndxb5 axb5 18.Nxb5 Qf7 19.Rac1 Kb8 20.Qe1 Rc8 21.Qa5 Na6 22.Qb6 Rc6
23.Qa7+ Kc8 24.Rfd1 Ng4 25.Bb6 Bc5 26.Bxc5 Nxc5 27.Qxc5 Rxc5 28.Nd6+ Kc7
29.Nxf7 Rf8 30.Ng5 Rf6 31.Nxh7 Rxf2 32.Ng5 Kb6 33.Rd6+ Kc7 34.Rg6 Rf6 35.Ne6+ Rxe6
36.Rxe6 Ne3 37.Re7+ Kb6 38.Rxg7 Rb5 39.Bb1 Rxb2 40.Rg3 Re2 41.Rxe3 Rxe3 42.Kf2 Ra3
43.Rxc4 Bc6 44.h4 Kc7 45.h5 Kd6 46.h6 Bd7 47.Rc1 Ke7 48.Rh1 Ra8 49.h7 Rh8
50.Bc2 Be6 51.Bb3  1-0

[Event "TCh-NOR Qualifier"]
[Site "NOR"]
[Date "2002.??.??"]
[Round "7"]
[White "Tisdall,J"]
[Black "Sidselrud,S"]
[Result "1-0"]
[WhiteElo "2492"]
[BlackElo "2150"]

1.d4 d5 2.c4 c6 3.e3 Nf6 4.Nc3 e6 5.Nf3 Nbd7 6.Qc2 Bd6 7.g4 Nxg4 8.Rg1 Qf6
9.Rxg4 Qxf3 10.Rxg7 Nf6 11.h3 e5 12.dxe5 Bxe5 13.Rg5 Nd7 14.cxd5 cxd5 15.Rf5 Qh1
16.Bd2 d4 17.exd4 Bxd4 18.O-O-O O-O 19.Bh6 Re8 20.Rg5+ Kh8 21.Rxd4 Qxf1+
22.Rd1 Re1 23.Bg7+ Kg8 24.Be5+  1-0